| 000 | 00637nam a22001697a 4500 | ||
|---|---|---|---|
| 003 | OSt | ||
| 005 | 20171010095535.0 | ||
| 008 | 121012t xxu||||| |||| 00| 0 eng d | ||
| 040 |
_aMMSU _cULS |
||
| 100 |
_aCorpuz, Kristel Cara May, Hernandez, Michael G., Piniera, Bernadeth T. _913470 |
||
| 245 |
_aAutomated watering system _cKristel Cara May Corpuz, Michael G. Fernandez, Bernadeth T. Piniera |
||
| 260 | _c2008 | ||
| 300 |
_ax, [104] leaves _c28 cm. |
||
| 500 | _aThesis (BS Computer Engineering) -- Mariano Marcos State University, College of Engineering, Batac City | ||
| 504 | _aBibliography: leaf 35 | ||
| 942 |
_2ddc _cTHEDIS |
||
| 999 |
_c9835 _d9835 |
||